00908nam a22002537a 45000010005000000030006000050050017000110080041000280400029000690500014000980820012001121000022001242450049001462600044001953000057002394900042002965050008003385200161003465210020005075210020005275460010005476500044005576500053006015370FISKH20241128150701.0241128b cb ||||| |||| 00| 0 eng d aFISKHbengcFISKHdFISKH aDS371.Z45 a958.104 aZieger, Jennifer  aThe War in Afghanistan /cby Jennifer Zeiger aNew York : bChildren's Press ; c2012. a64 pages : bcolor illustrations , maps ; c24 cm .  aCornerstones of FreedomvThird Series aW  aLooks at the Afghanistan war following the September 11, 2001, terror attacks, including the battles, weapons, tactics, and people involved in the conflict.8 a880 bLexile 8 aW bRaz-Plus  aMRM  aAfghan War - 2001vJuvenile literature  aAfghanistan -History -2001vJuvenile literature